[Event "Girona-ch Seniors"]
[Site "Girona"]
[Date "2019.03.05"]
[Round "5.9"]
[White "Burset Camps, Guillem"]
[Black "Vazquez Montreal, Enric"]
[Result "1-0"]
[WhiteElo "1549"]
[BlackElo "1544"]
[PlyCount "81"]
[EventDate "2019.02.05"]
[EventType "swiss"]
[EventRounds "6"]
[EventCountry "ESP"]
[SourceTitle "EXT 2024"]
[Source "ChessBase"]
[SourceDate "2023.10.10"]
[SourceVersion "1"]
[SourceVersionDate "2023.10.10"]
[SourceQuality "1"]

1. d4 d6 2. Nf3 Nf6 3. c4 g6 4. Nc3 Bg7 5. e4 0-0 6. Be2 Nbd7 7. 0-0 e5 8. dxe5 dxe5 9. Qc2 c6 10. Be3 Qc7 11. Rad1 b6 12. b4 Bb7 13. Rd2 h6 14. h3 Rac8 15. Rfd1 Kh7 16. c5 bxc5 17. bxc5 Rfe8 18. Nh4 Bf8 19. Na4 Rcd8 20. Bc4 Kg7 21. Qc1 Nxe4 22. Bxh6+ Kg8 23. Rxd7 Rxd7 24. Rxd7 Qxd7 25. Nxg6 Qf5 26. f3 Ng3 27. Nxf8 Rxf8 28. Bxf8 Kxf8 29. Qh6+ Kg8 30. Qd2 Qb1+ 31. Kf2 Nh1+ 32. Ke3 Qg1+ 33. Ke4 Nf2+ 34. Kxe5 Qxg2 35. Qd8+ Kg7 36. Qf6+ Kh7 37. Qxf7+ Qg7+ 38. Qxg7+ Kxg7 39. Be6 Nd3+ 40. Kd6 Nb4 41. Nc3 1-0

[Event "Santa Eugenia op 10th"]
[Site "Santa Eugenia"]
[Date "2015.??.??"]
[Round "6"]
[White "Gala Martinez, Raul"]
[Black "Vazquez Montreal, Enric"]
[Result "1-0"]
[WhiteElo "1731"]
[BlackElo "1863"]
[PlyCount "61"]
[EventDate "2015.04.17"]
[EventType "swiss"]
[EventRounds "9"]
[EventCountry "ESP"]
[SourceTitle "EXT 2016"]
[Source "ChessBase"]
[SourceDate "2015.10.08"]
[SourceVersion "1"]
[SourceVersionDate "2015.10.08"]
[SourceQuality "1"]

1. e4 e6 2. Nf3 d5 3. exd5 exd5 4. d4 Nf6 5. c4 c5 6. Nc3 cxd4 7. Qxd4 Nc6 8. Qe3+ Be7 9. cxd5 Nb4 10. Bb5+ Bd7 11. Qe2 0-0 12. 0-0 Nbxd5 13. Bg5 Nxc3 14. bxc3 Bxb5 15. Qxb5 Qc7 16. c4 h6 17. Bh4 a6 18. Qb3 Rfe8 19. Rfe1 g5 20. Bg3 Bd6 21. Bxd6 Qxd6 22. Qxb7 Kg7 23. Ne5 Qe6 24. c5 Nd7 25. Qxd7 Qf6 26. Qd6 Re6 27. Ng4 Qc3 28. Qd1 Rd8 29. Qc1 Rxe1+ 30. Qxe1 Re8 31. Qxc3+ 1-0

[Event "Santa Eugenia op 9th"]
[Site "Santa Eugenia"]
[Date "2014.05.09"]
[Round "3"]
[White "Vazquez Montreal, Enric"]
[Black "Gimenez Pau, Daniel"]
[Result "0-1"]
[WhiteElo "1830"]
[BlackElo "1707"]
[PlyCount "29"]
[EventDate "2014.04.25"]
[EventType "swiss"]
[EventRounds "9"]
[EventCountry "ESP"]
[SourceTitle "EXT 2015"]
[Source "ChessBase"]
[SourceDate "2014.11.20"]
[SourceVersion "1"]
[SourceVersionDate "2014.11.20"]
[SourceQuality "1"]

1. c4 e5 2. Nc3 Bc5 3. g3 d6 4. Bg2 Nf6 5. Nf3 e4 6. Ng5 Bxf2+ 7. Kxf2 Ng4+ 8. Kg1 Qxg5 9. Nxe4 Qd8 10. d4 Bf5 11. h3 Qe7 12. Nxd6+ cxd6 13. hxg4 Be4 14. Qf1 Nc6 15. e3 0-1

[Event "Catalunya Vilanova Salt 35th"]
[Site "Salt"]
[Date "2009.04.24"]
[Round "2.7"]
[White "Vazquez Montreal, Enric"]
[Black "Mogro Flores, Simon"]
[Result "0-1"]
[WhiteElo "1691"]
[BlackElo "1949"]
[PlyCount "103"]
[EventDate "2009.04.17"]
[EventType "swiss"]
[EventRounds "9"]
[EventCountry "ESP"]
[SourceTitle "EXT 2024"]
[Source "ChessBase"]
[SourceDate "2023.10.10"]
[SourceVersion "1"]
[SourceVersionDate "2023.10.10"]
[SourceQuality "1"]

1. Nf3 d5 2. g3 Nf6 3. d3 Nc6 4. Bg2 e5 5. 0-0 Bd6 6. Nbd2 0-0 7. e4 Bg4 8. h3 Bd7 9. c3 Qc8 10. Kh2 h6 11. exd5 Nxd5 12. Ne4 Re8 13. c4 Ndb4 14. a3 Na6 15. b4 Nab8 16. Bxh6 gxh6 17. Nf6+ Kg7 18. Nxe8+ Qxe8 19. Re1 Qd8 20. c5 Be7 21. Ra2 f6 22. Rae2 a6 23. d4 exd4 24. Nxd4 Ne5 25. f4 Ng6 26. h4 h5 27. Qc2 Nc6 28. Bxc6 bxc6 29. Rd2 Qc8 30. Qe4 a5 31. b5 Bxc5 32. bxc6 Bg4 33. Qd5 Bxa3 34. Ne6+ Kh6 35. f5 Ne7 36. Qd4 Nxf5 37. Qf4+ Kg6 38. Rd7 Bd6 39. Qc1 Bxg3+ 40. Kg1 Qa6 41. Nf4+ Bxf4 42. Qxf4 Qxc6 43. Ree7 Qc5+ 44. Kh2 Nxe7 45. Qe4+ Nf5 46. Qxa8 Qe5+ 47. Kg1 Qe1+ 48. Kh2 Qxh4+ 49. Kg1 Qe1+ 50. Kh2 Qf2+ 51. Qg2 Qxg2+ 52. Kxg2 0-1

[Event "Girona-ch"]
[Site "Girona"]
[Date "2008.10.05"]
[Round "1"]
[White "Vazquez Montreal, Enric"]
[Black "Rex, Torsten Claus"]
[Result "0-1"]
[WhiteElo "1699"]
[BlackElo "2043"]
[PlyCount "94"]
[EventDate "2008.10.05"]
[EventType "swiss"]
[EventRounds "9"]
[EventCountry "ESP"]
[SourceTitle "EXT 2011"]
[Source "ChessBase"]
[SourceDate "2010.11.26"]
[SourceVersion "1"]
[SourceVersionDate "2010.11.26"]
[SourceQuality "1"]

1. c4 Nf6 2. d4 c5 3. Nf3 cxd4 4. Nxd4 Nc6 5. g3 g6 6. Bg2 Bg7 7. 0-0 0-0 8. Nxc6 bxc6 9. Nc3 Rb8 10. Qc2 d6 11. Qa4 Be6 12. Bxc6 Qc7 13. c5 Rfc8 14. Bg2 Qxc5 15. Be3 Qh5 16. f3 Rxb2 17. Rac1 h6 18. Qxa7 Rxc3 19. Rxc3 Nd5 20. Rb3 Nxe3 21. Rxe3 Rxa2 22. Qb8+ Kh7 23. Qb4 Rb2 24. Qa4 Qc5 25. Qa3 Bd4 26. Qxc5 Bxc5 27. Re1 Bxe3+ 28. Kh1 Bf2 29. Rd1 Rxe2 30. Bf1 Re1 31. Rxe1 Bxe1 32. Kg2 Bd5 33. Be2 Kg7 34. h4 g5 35. Kh3 f5 36. hxg5 hxg5 37. g4 f4 38. Kg2 Kf6 39. Kf1 Bg3 40. Kg2 Ke5 41. Ba6 Kd4 42. Bb5 Ke3 43. Kh3 Bb3 44. Kg2 e5 45. Bc6 Bc4 46. Kg1 d5 47. Ba4 Kxf3 0-1

[Event "Gironi-ch B"]
[Site "Sant Gregori"]
[Date "2007.11.25"]
[Round "8.4"]
[White "Vazquez Montreal, Enric"]
[Black "Vinardell Cruanas, Sergi"]
[Result "0-1"]
[WhiteElo "1815"]
[BlackElo "1822"]
[PlyCount "82"]
[EventDate "2007.10.07"]
[EventType "swiss"]
[EventRounds "8"]
[EventCountry "ESP"]
[SourceTitle "EXT 2024"]
[Source "ChessBase"]
[SourceDate "2023.10.10"]
[SourceVersion "1"]
[SourceVersionDate "2023.10.10"]
[SourceQuality "1"]

1. Nf3 d5 2. d4 Nf6 3. g3 Bf5 4. Bg2 e6 5. 0-0 Nbd7 6. Nbd2 h6 7. c4 Bd6 8. a3 c5 9. Re1 Qb6 10. cxd5 exd5 11. Nh4 Bh7 12. e4 dxe4 13. Nxe4 0-0 14. Nxd6 Qxd6 15. Bxb7 Rab8 16. Bg2 cxd4 17. Bf4 Qb6 18. Bxb8 Rxb8 19. b4 Rc8 20. Rc1 Rd8 21. Nf3 d3 22. Nd2 Bf5 23. h3 Qd4 24. Rc4 Qb2 25. Qc1 Qxc1 26. Rcxc1 Nb6 27. Re7 Rd7 28. Rxd7 Bxd7 29. Rc7 a6 30. Bf3 Bb5 31. Bg2 Nbd5 32. Rc8+ Kh7 33. Rc5 Nc3 34. Kf1 g5 35. Rc8 Nfe4 36. Ke1 Nxd2 37. Kxd2 Nb1+ 38. Kd1 Ba4+ 39. Kc1 d2+ 40. Kxb1 d1Q+ 41. Rc1 Qb3+ 0-1